Tous les symboles du Dobble classique - Statistiques

Statistiques générales
  • Ce quiz a été pris 30 fois
  • Le résultat moyen est 28 sur 57
Statistiques - réponses
Indices Réponses % Correct
Nuit Lune
86%
Animal Chat
83%
Élémént Goutte d'eau
83%
Élément Feu
79%
Hiver Flocon
79%
Été Soleil
79%
Animal Chien
76%
Signe musical Clé de sol
72%
Jeu Dobble
72%
Outil Marteau
72%
Véhicule Taxi
72%
Plante Arbre
69%
Ponctuation Point d'exclamation
66%
Ponctuation Point d'interrogation
66%
Fruit Pomme
66%
Insecte Araignée
62%
Objet Clé
59%
Halloween Fantôme
55%
Plante Marguerite
55%
Symbole Coeur
52%
Créature Dragon
52%
Corps Lèvres
52%
Petit être Bonhomme
48%
Légume Carotte
48%
Aliment Fromage
48%
Hiver Glaçon
48%
Hiver Igloo
48%
Accessoire Lunette
48%
Animal Poussin
48%
Objet Cavalier
45%
Animal Dauphin
45%
Art Tâche de peinture
45%
Objet Biberon
41%
Projectile Bombe
41%
Corps Oeil
41%
Objet Ampoule
38%
Hiver Bonhomme de neige
38%
Spectacle Clown
38%
Animal Dinosaure
38%
Objet Horloge
38%
Halloween Tête de mort
38%
Animal Tortue
38%
Plante Cactus
34%
Plante Feuille d'érable
34%
Panneau Sens interdit
34%
Halloween Toile d'araignée
34%
Plante Trèfle
34%
Objet Ancre
31%
Objet Bougie
31%
Insecte Coccinelle
31%
Objet Cible
28%
Objet Cadenas
24%
Objet Crayon
24%
Élément Éclair
24%
Symbole Yin Yang
21%
Animal Zèbre
21%
Objet Ciseaux
17%
Aucun quiz correspondant
Distribution des résultats
% des personnes avec chaque résultat
Percentile par nombre de réponses
Votre historique - résultats
Vous n’avez pas pris ce quiz